[Event "11th Ugra Governor's Cup"]
[Site "Khanty-Mansiysk RUS"]
[Date "2015.11.30"]
[Round "8.1"]
[White "Rozum, Ivan"]
[Black "Eliseev, Urii"]
[Result "0-1"]
[WhiteTitle "GM"]
[BlackTitle "GM"]
[WhiteElo "2559"]
[BlackElo "2548"]
[WhiteFideId "24104272"]
[BlackFideId "24131920"]
[EventDate "2015.11.23"]

1. Nf3 Nf6 2. g3 g6 3. Bg2 Bg7 4. O-O O-O 5. d4 d5 6. Nbd2 c6 7. c4 a5 8. b3 a4
9. Ba3 Re8 10. e3 Bf5 11. Qe2 Ne4 12. Nxe4 Bxe4 13. Rfd1 Qb6 14. b4 Qa6 15. b5
Qa5 16. bxc6 Nxc6 17. cxd5 Qxd5 18. Rac1 Ra5 19. Ne1 Bxg2 20. Nxg2 g5 21. Bc5 e5
22. e4 Nxd4 23. Bxd4 exd4 24. Rc8 Qe6 25. Rxe8+ Qxe8 26. h4 h6 27. hxg5 hxg5 28.
Ne1 Rc5 29. Nf3 Qb5 30. Qd2 Qc6 31. Qb4 b6 32. Qb1 Rc2 33. Nxg5 d3 34. Nf3 Qc5
35. Rf1 d2 36. Qd1 Bh6 37. Qe2 Qc4 38. Qd1 Rc1 39. Nxd2 Qxf1+ 40. Qxf1 Bxd2 0-1

[Event "11th Ugra Governor's Cup"]
[Site "Khanty-Mansiysk RUS"]
[Date "2015.11.30"]
[Round "8.2"]
[White "Potapov, Pavel"]
[Black "Artemiev, Vladislav"]
[Result "0-1"]
[WhiteTitle "IM"]
[BlackTitle "GM"]
[WhiteElo "2476"]
[BlackElo "2676"]
[WhiteFideId "4169786"]
[BlackFideId "24101605"]
[EventDate "2015.11.23"]

1. e4 c5 2. c3 d6 3. d4 Nf6 4. Bd3 Qc7 5. Nf3 Bg4 6. Be3 e6 7. Nbd2 Nc6 8. O-O
Be7 9. a3 Bh5 10. b4 Bg6 11. Nh4 Bh5 12. Nhf3 Rc8 13. Qb1 Bg6 14. h3 Qb8 15. Bf4
cxd4 16. cxd4 O-O 17. Nb3 a6 18. Re1 Bd8 19. Bg3 Bc7 20. Bh4 Nd7 21. Bg3 Nb6 22.
Rc1 Rfd8 23. Ra2 d5 24. Bxc7 Rxc7 25. e5 Ne7 26. Bxg6 Nxg6 27. Rxc7 Qxc7 28. Rc2
Nc4 29. Qc1 b6 30. Nbd2 Rc8 31. Nf1 Qd8 32. Ng3 Rc6 33. Rc3 Qc8 34. Ne2 Ne7 35.
a4 Rc7 36. Qa1 h6 37. Rb3 Nf5 38. Rc3 Kh8 39. Rb3 Qf8 40. Qd1 Qe7 41. Nf4 Nh4
42. Nxh4 Qxh4 43. g3 Qg5 44. Qd3 Qd8 45. Qd1 Qe8 46. Rb1 Na3 47. Rb2 Qc8 48. Kg2
Rc1 49. Qh5 Kg8 50. Rb3 Nc2 51. Ne2 Ne1+ 52. Kh2 Qc2 53. Re3 Qd1 54. Qg4 h5 55.
Qxh5 Nc2 0-1

[Event "11th Ugra Governor's Cup"]
[Site "Khanty-Mansiysk RUS"]
[Date "2015.11.30"]
[Round "8.3"]
[White "Sjugirov, Sanan"]
[Black "Timofeev, Artyom"]
[Result "1-0"]
[WhiteTitle "GM"]
[BlackTitle "GM"]
[WhiteElo "2646"]
[BlackElo "2555"]
[WhiteFideId "4189302"]
[BlackFideId "4140419"]
[EventDate "2015.11.23"]

1. e4 c5 2. Nf3 e6 3. d4 cxd4 4. Nxd4 Nc6 5. Nc3 Qc7 6. Be3 a6 7. Qd2 Nf6 8.
O-O-O Nxd4 9. Qxd4 Ng4 10. Qb6 Qc6 11. Bd4 e5 12. Be3 Be7 13. h3 Nxe3 14. Qxe3
d6 15. Nd5 Be6 16. g3 Rc8 17. Qb3 Qc5 18. Rh2 Bd8 19. Kb1 O-O 20. h4 b5 21. f3
Qg1 22. Rg2 Qa7 23. f4 Rc5 24. f5 Bxd5 25. Rxd5 Rxd5 26. Qxd5 Qe3 27. Be2 Bb6
28. a3 g6 29. fxg6 hxg6 30. h5 Qd4 31. Qb7 gxh5 32. Ka2 d5 33. Rh2 dxe4 34. Rxh5
Bd8 35. Qxa6 Qb6 36. Qxb6 Bxb6 37. Rxe5 f5 38. g4 f4 39. Rxe4 f3 40. Bxb5 f2 41.
Bf1 1-0

[Event "11th Ugra Governor's Cup"]
[Site "Khanty-Mansiysk RUS"]
[Date "2015.11.30"]
[Round "8.4"]
[White "Rakhmanov, Aleksandr"]
[Black "Goganov, Aleksey"]
[Result "1/2-1/2"]
[WhiteTitle "GM"]
[BlackTitle "GM"]
[WhiteElo "2637"]
[BlackElo "2597"]
[WhiteFideId "4173708"]
[BlackFideId "24109959"]
[EventDate "2015.11.23"]

1. c4 c5 2. Nf3 Nc6 3. Nc3 Nf6 4. g3 g6 5. Bg2 Bg7 6. d4 cxd4 7. Nxd4 O-O 8. O-O
Qa5 9. Nb3 Qh5 10. h3 d6 11. g4 Bxg4 12. hxg4 Nxg4 13. Bf4 Be5 14. Qd2 g5 15.
Bxe5 Ncxe5 16. Rfc1 Nxc4 17. Qd4 Nce3 18. fxe3 Qh4 19. Nd1 Qe1+ 20. Bf1 Qg3+ 21.
Bg2 Qe1+ 22. Bf1 Qg3+ 23. Bg2 Qe1+ 24. Bf1 1/2-1/2

[Event "11th Ugra Governor's Cup"]
[Site "Khanty-Mansiysk RUS"]
[Date "2015.11.30"]
[Round "8.5"]
[White "Bukavshin, Ivan"]
[Black "Bocharov, Dmitry"]
[Result "1/2-1/2"]
[WhiteTitle "GM"]
[BlackTitle "GM"]
[WhiteElo "2657"]
[BlackElo "2558"]
[WhiteFideId "4199758"]
[BlackFideId "4138716"]
[EventDate "2015.11.23"]

1. d4 Nf6 2. c4 e6 3. Nf3 b6 4. a3 Ba6 5. Qb3 d5 6. cxd5 exd5 7. Nc3 Be7 8. g3
O-O 9. Bg2 Bb7 10. O-O Nbd7 11. Nh4 g6 12. Bf4 c5 13. Nf3 cxd4 14. Nxd4 Nc5 15.
Qa2 Nfe4 16. Ndb5 Qd7 17. Rfd1 Rad8 18. Nxe4 Nxe4 19. a4 Qf5 20. Nd4 Qf6 21. Be3
Bc5 22. a5 bxa5 23. Qxa5 Bb6 24. Qb4 Rfe8 25. Rac1 Rc8 26. Qa4 Kg7 27. Rc2 Nd6
28. Rxc8 Rxc8 29. b3 h5 30. h4 Ne4 31. Bxe4 dxe4 32. Qa1 Kg8 33. Nb5 Qxa1 34.
Rxa1 Bxe3 35. fxe3 Rc5 36. Nd6 Bd5 37. Rxa7 Bxb3 38. Nxe4 Re5 39. Nd2 Be6 40.
Kf2 Bg4 41. e4 Rc5 42. Ra8+ Kg7 43. Rd8 Rc2 44. Rd4 Kf6 45. Rd6+ Ke7 46. Rd3 Ra2
47. Ke3 Ke6 48. Rc3 Ke7 49. Kd3 Ke6 50. Rb3 Ke7 51. Rb7+ Ke6 52. Nb3 Bxe2+ 53.
Kd4 Bg4 54. Nc5+ Kf6 55. e5+ Kg7 56. e6 Rd2+ 57. Kc3 Re2 58. exf7 Bf5 59. Kd4
Kf8 60. Kd5 Re7 61. Rxe7 Kxe7 62. Ne4 Bxe4+ 63. Kxe4 Kxf7 64. Kf4 Kf6 1/2-1/2

[Event "11th Ugra Governor's Cup"]
[Site "Khanty-Mansiysk RUS"]
[Date "2015.11.30"]
[Round "8.6"]
[White "Kokarev, Dmitry"]
[Black "Aleksandrov, Aleksej"]
[Result "1-0"]
[WhiteTitle "GM"]
[BlackTitle "GM"]
[WhiteElo "2611"]
[BlackElo "2615"]
[WhiteFideId "4132181"]
[BlackFideId "13500139"]
[EventDate "2015.11.23"]

1. e4 e5 2. Nf3 Nc6 3. Bb5 Nf6 4. d3 Bc5 5. Bxc6 dxc6 6. Nbd2 Be6 7. O-O Nd7 8.
Nb3 Be7 9. d4 exd4 10. Nfxd4 Bc4 11. Re1 Bf8 12. Qf3 Qf6 13. Qg3 Rc8 14. Bf4 h5
15. Rad1 c5 16. e5 Qg6 17. e6 Nf6 18. Qc3 Bd5 19. exf7+ Kxf7 20. Nf3 Kg8 21. Re5
Qg4 22. Bg3 c6 23. h3 Qc4 24. Qe3 Rh6 25. Bf4 Bxf3 26. Qxf3 Rg6 27. c3 b6 28.
Bg3 Qf7 29. Qf5 Re8 30. Rxe8 Qxe8 31. Be5 Nd5 32. c4 Re6 33. Bg3 Nf6 34. Nd2 g6
35. Qd3 Bg7 36. b3 Re7 37. Nf3 Rd7 38. Qb1 Rxd1+ 39. Qxd1 Ne4 40. Qe2 Kf8 41.
Bb8 Qxb8 42. Qxe4 Qd6 43. g3 Bd4 44. Kg2 Qf6 45. Qh4 Kf7 46. Qxf6+ Kxf6 47. Ne1
g5 48. g4 hxg4 49. hxg4 Be5 50. Kf3 a5 51. Ke4 Bc7 52. Nd3 Bh2 53. f4 gxf4 54.
Ne5 Bg1 55. g5+ Ke6 56. Nd3 f3 57. Nf4+ Kd6 58. Kxf3 Ke5 59. Kg4 Bd4 60. Nh5 b5
61. a4 bxc4 62. bxc4 Ke4 63. Nf6+ Kd3 64. Kf5 Be3 65. g6 Bh6 66. Ke6 Bg7 67. Ne8
Bh8 68. Nd6 Kc3 69. Kd7 Kb4 70. Kxc6 Bd4 71. Kd5 Kxa4 72. Ne4 Kb4 73. Nxc5 Bg7
74. Nd3+ Kc3 75. Nc1 1-0

[Event "11th Ugra Governor's Cup"]
[Site "Khanty-Mansiysk RUS"]
[Date "2015.11.30"]
[Round "8.7"]
[White "Ponkratov, Pavel"]
[Black "Litvinov, Maxim"]
[Result "0-1"]
[WhiteTitle "GM"]
[WhiteElo "2604"]
[BlackElo "2391"]
[WhiteFideId "4157800"]
[BlackFideId "24157449"]
[EventDate "2015.11.23"]

1. Nf3 d5 2. g3 Nf6 3. Bg2 Bg4 4. c4 c6 5. Ne5 Be6 6. cxd5 Bxd5 7. Nf3 c5 8. O-O
e6 9. Re1 Nbd7 10. d3 Be7 11. Bf4 O-O 12. e4 Bc6 13. Nbd2 b5 14. Rc1 Rc8 15. Qe2
a6 16. Rc2 Bb7 17. Rec1 Re8 18. Ne1 e5 19. Be3 Bd6 20. f3 Qe7 21. Bh3 Rc7 22.
Ng2 Nf8 23. Nh4 g6 24. Nb3 Bc8 25. Qf1 Bxh3 26. Qxh3 Ne6 27. Ng2 Rec8 28. Ne1 h5
29. Qf1 Nd4 30. Rg2 Qe6 31. Rc3 Bf8 32. Kh1 a5 33. f4 Ng4 34. Bg1 a4 35. Nc1 Bh6
36. a3 exf4 37. gxf4 Qf6 38. f5 b4 39. Rc4 Ne5 40. Bxd4 cxd4 41. Rxc7 Rxc7 42.
Na2 b3 43. Nb4 Rc1 44. Re2 Qh4 45. fxg6 fxg6 46. h3 Bd2 0-1

[Event "11th Ugra Governor's Cup"]
[Site "Khanty-Mansiysk RUS"]
[Date "2015.11.30"]
[Round "8.8"]
[White "Matinian, Nikita"]
[Black "Pridorozhni, Aleksei"]
[Result "1/2-1/2"]
[WhiteTitle "IM"]
[BlackTitle "GM"]
[WhiteElo "2470"]
[BlackElo "2563"]
[WhiteFideId "24129100"]
[BlackFideId "4127870"]
[EventDate "2015.11.23"]

1. e4 e5 2. Nf3 Nc6 3. Bb5 Nf6 4. O-O Nxe4 5. d4 Nd6 6. Bxc6 dxc6 7. dxe5 Nf5 8.
Qxd8+ Kxd8 9. h3 Bd7 10. Rd1 Kc8 11. g4 Ne7 12. Ng5 Be8 13. f4 h5 14. Kf2 hxg4
15. hxg4 b6 16. f5 Nd5 17. c4 Nb4 18. Nc3 Kb7 19. Bf4 Be7 20. Kg3 c5 21. Rd2 Nc6
22. Nf3 Nd4 23. Nxd4 cxd4 24. Rxd4 Bh4+ 25. Kg2 Bc6+ 26. Nd5 Be7 27. Rh1 Rxh1
28. Kxh1 g6 29. Kg2 gxf5 30. gxf5 Bc5 31. Rd1 a5 32. Rh1 Bd7 33. e6 fxe6 34. Rh7
exd5 35. Rxd7 dxc4 36. Rxc7+ Ka6 37. f6 Kb5 38. f7 a4 39. Be5 a3 40. bxa3 Bxa3
41. Kf3 Bb4 42. Bg7 Rxa2 43. f8=Q Bxf8 44. Bxf8 Rd2 45. Ke4 Rd1 46. Rc8 Rd7 47.
Ke5 Rd3 48. Ke4 Rd7 49. Ra8 Rd1 50. Ke3 Rd3+ 51. Ke2 Rh3 52. Bd6 c3 53. Rb8 Rh1
54. Rc8 Rh6 55. Bf4 Rc6 56. Rxc6 1/2-1/2

[Event "11th Ugra Governor's Cup"]
[Site "Khanty-Mansiysk RUS"]
[Date "2015.11.30"]
[Round "8.10"]
[White "Iskusnyh, Sergei"]
[Black "Khismatullin, Denis"]
[Result "0-1"]
[WhiteTitle "GM"]
[BlackTitle "GM"]
[WhiteElo "2482"]
[BlackElo "2654"]
[WhiteFideId "4120027"]
[BlackFideId "4142578"]
[EventDate "2015.11.23"]

1. d4 b5 2. e4 a6 3. Bd3 Bb7 4. Nf3 e6 5. O-O c5 6. c3 Nf6 7. Re1 d5 8. e5 Nfd7
9. Ng5 g6 10. Qg4 Qe7 11. Nxh7 Rxh7 12. Bg5 Nxe5 13. Rxe5 Qd7 14. Nd2 Nc6 15.
Nf3 Be7 16. dxc5 O-O-O 17. Ree1 Rh5 18. a4 Bxg5 19. axb5 axb5 20. Nxg5 e5 21.
Qxd7+ Rxd7 22. f4 exf4 23. Nf3 d4 24. Bxb5 dxc3 25. b4 Rd8 26. Bxc6 Bxc6 27. Ne5
Rxe5 28. Rxe5 Rd2 29. Rc1 Rxg2+ 30. Kf1 f3 0-1

[Event "11th Ugra Governor's Cup"]
[Site "Khanty-Mansiysk RUS"]
[Date "2015.12.01"]
[Round "9.1"]
[White "Predke, Alexandr"]
[Black "Litvinov, Maxim"]
[Result "0-1"]
[WhiteElo "2518"]
[BlackElo "2391"]
[WhiteFideId "24107581"]
[BlackFideId "24157449"]
[EventDate "2015.11.23"]

1. d4 d5 2. c4 e6 3. Nc3 Nf6 4. cxd5 exd5 5. Bg5 c6 6. e3 Be7 7. Bd3 Nbd7 8.
Nge2 Nf8 9. O-O Ne6 10. Bxf6 Bxf6 11. b4 O-O 12. b5 g6 13. bxc6 bxc6 14. Rb1 Bd7
15. Nc1 Be7 16. Be2 Bd6 17. Nd3 Qh4 18. g3 Qf6 19. Qa4 Ng5 20. Nxd5 Nf3+ 21. Kg2
cxd5 22. Qxd7 Nd2 23. Rb5 Nxf1 24. Bxf1 Rfd8 25. Qc6 Rac8 26. Qa6 Qe7 27. Kg1
Rb8 28. Rxd5 Rb6 29. Qc4 Rdb8 30. a4 Rb1 31. Rb5 Rb6 32. Nc5 h5 33. Qc2 Re1 34.
Qd2 Rb1 35. Qc2 Re1 36. Ne4 Kg7 37. Nc3 Rxb5 38. axb5 Qc7 39. Qd2 Rxf1+ 40. Kxf1
Bb4 41. b6 Qc4+ 42. Qe2 Qxc3 43. bxa7 Qa1+ 44. Kg2 Qxa7 45. Qf3 Qe7 46. h4 Qf6
47. Qe4 Qf5 48. Qe5+ Qxe5 49. dxe5 Kf8 50. f4 Ke7 51. Kf3 Be1 52. e4 Ke6 53. Kg2
Ba5 54. Kf3 Bd8 55. Kg2 Kd7 56. Kf3 Ke6 57. Kg2 Ba5 58. Kf3 Bc3 59. Ke2 Kd7 60.
Kf3 Kc6 61. g4 Kc5 62. f5 gxf5 63. g5 Bxe5 64. exf5 Bh8 65. Kf4 Kd5 66. f6 Ke6
67. Ke4 Bxf6 68. gxf6 Kxf6 69. Kf4 Ke6 70. Kg5 f5 71. Kxh5 Kf6 0-1

[Event "11th Ugra Governor's Cup"]
[Site "Khanty-Mansiysk RUS"]
[Date "2015.12.01"]
[Round "9.2"]
[White "Goganov, Aleksey"]
[Black "Bukavshin, Ivan"]
[Result "0-1"]
[WhiteTitle "GM"]
[BlackTitle "GM"]
[WhiteElo "2597"]
[BlackElo "2657"]
[WhiteFideId "24109959"]
[BlackFideId "4199758"]
[EventDate "2015.11.23"]

1. Nf3 d5 2. g3 Nf6 3. Bg2 e6 4. O-O Be7 5. c4 O-O 6. d4 dxc4 7. Qc2 b6 8. Ne5
Qxd4 9. Bxa8 Qxe5 10. Nd2 Qxe2 11. Bf3 Qd3 12. Qxc4 Ba6 13. Qxd3 Bxd3 14. Re1
Na6 15. a3 Rd8 16. Nf1 Nc5 17. Bf4 Nb3 18. Rad1 c5 19. Bc7 Rd7 20. Be5 Bb5 21.
Rxd7 Nxd7 22. Bc3 Nd4 23. Bxd4 cxd4 24. Rc1 Nc5 25. b4 Bg5 26. Rd1 Nb3 27. h4
Bh6 28. Be4 Be2 29. Rb1 Nc1 30. f4 Na2 31. Kf2 Nc3 32. Rc1 Bb5 33. Nd2 e5 34.
Bf3 exf4 35. g4 g6 36. Ne4 Bg7 37. Nd6 Bd7 38. Ke1 Kf8 39. Kd2 Ke7 40. Nc4 Be6
41. Re1 h6 42. Kd3 Bf6 43. h5 gxh5 44. gxh5 b5 45. Na5 Kd7 46. Nc6 Bf5+ 47. Kd2
Nb1+ 48. Rxb1 Bxb1 49. Nxa7 Be5 50. Nxb5 f5 51. a4 Be4 52. Be2 f3 53. Bf1 Kc6
54. a5 d3 55. Nc3 Bf4+ 56. Ke1 Be3 57. Bh3 d2+ 58. Kd1 Bd3 59. a6 f2 60. b5+ Kd6
61. b6 Bxb6 0-1

[Event "11th Ugra Governor's Cup"]
[Site "Khanty-Mansiysk RUS"]
[Date "2015.12.01"]
[Round "9.3"]
[White "Artemiev, Vladislav"]
[Black "Kokarev, Dmitry"]
[Result "1/2-1/2"]
[WhiteTitle "GM"]
[BlackTitle "GM"]
[WhiteElo "2676"]
[BlackElo "2611"]
[WhiteFideId "24101605"]
[BlackFideId "4132181"]
[EventDate "2015.11.23"]

1. e4 c5 2. Nf3 d6 3. d4 cxd4 4. Qxd4 Nf6 5. Nc3 Nc6 6. Bb5 Bd7 7. Bxc6 Bxc6 8.
Bg5 e6 9. Qd3 Be7 10. Nd4 Qa5 11. Bd2 Qc7 12. O-O-O a6 13. f4 b5 14. e5 dxe5 15.
fxe5 Nd7 16. Qg3 b4 17. Qxg7 Rf8 18. Nce2 Be4 19. Qg4 Qxe5 20. Bh6 Nf6 21. Qg3
Qxg3 22. Nxg3 Rg8 23. Nxe4 Nxe4 24. Rhe1 Nf6 25. Re2 Rc8 26. Nb3 Rc4 27. Rd4 Rg4
28. Rxc4 Rxc4 29. Bg5 Nd5 30. Bxe7 Kxe7 31. Na5 Rf4 32. Kd2 h5 33. g3 Rg4 34.
Nc6+ Kd6 35. Nd8 Ke7 36. Nc6+ Kd6 37. Nd8 Rg7 38. Nb7+ Kc6 39. Na5+ Kb5 40. Nb7
Kc6 41. Na5+ Kb5 42. Nb7 Kc6 43. Na5+ Kb5 1/2-1/2

[Event "11th Ugra Governor's Cup"]
[Site "Khanty-Mansiysk RUS"]
[Date "2015.12.01"]
[Round "9.4"]
[White "Eliseev, Urii"]
[Black "Sjugirov, Sanan"]
[Result "1-0"]
[WhiteTitle "GM"]
[BlackTitle "GM"]
[WhiteElo "2548"]
[BlackElo "2646"]
[WhiteFideId "24131920"]
[BlackFideId "4189302"]
[EventDate "2015.11.23"]

1. e4 c5 2. Nf3 d6 3. d4 cxd4 4. Nxd4 Nf6 5. Nc3 a6 6. Bg5 e6 7. f4 Qc7 8. Qe2
b5 9. a3 Nbd7 10. O-O-O Be7 11. g4 Bb7 12. Bh4 h6 13. Kb1 Rc8 14. Rg1 g5 15.
fxg5 Nh7 16. g6 Bxh4 17. gxf7+ Ke7 18. g5 Bxg5 19. Bh3 Nhf8 20. Bxe6 Nxe6 21.
Nd5+ Bxd5 22. exd5 Ne5 23. dxe6 Qc4 24. Qh5 Bf6 25. Nf5+ Kd8 26. Rg8+ Kc7 27.
Nxd6 Qxe6 28. Rxc8+ Rxc8 29. Ne8+ 1-0

[Event "11th Ugra Governor's Cup"]
[Site "Khanty-Mansiysk RUS"]
[Date "2015.12.01"]
[Round "9.5"]
[White "Bocharov, Dmitry"]
[Black "Rakhmanov, Aleksandr"]
[Result "1/2-1/2"]
[WhiteTitle "GM"]
[BlackTitle "GM"]
[WhiteElo "2558"]
[BlackElo "2637"]
[WhiteFideId "4138716"]
[BlackFideId "4173708"]
[EventDate "2015.11.23"]

1. d4 Nf6 2. Bg5 Ne4 3. Bf4 d6 4. f3 Nf6 5. e4 e5 6. dxe5 Nh5 7. Be3 dxe5 8.
Qxd8+ Kxd8 9. Bc4 Ke8 10. Ne2 Nd7 11. Nbc3 c6 12. g4 Nhf6 13. Ng3 Nb6 14. Bb3
Be6 15. O-O-O Bxb3 16. axb3 g6 17. h4 Nfd7 18. Rd2 Bc5 19. Nd1 Rd8 20. Rdh2 Rg8
21. Nf1 Ke7 22. Nf2 Ke6 23. Nd3 Be7 24. Nd2 f6 25. g5 Rdf8 26. f4 Bd6 27. Rf2
exf4 28. Bxf4 Bxf4 29. Rxf4 Ke7 30. Nf3 fxg5 31. hxg5 Rxf4 32. Nxf4 Rg7 33. Kd2
Nc5 34. Ke3 Ne6 35. Nd3 Nd7 36. b4 a6 37. Rd1 Rg8 38. c4 Rf8 39. b3 Rg8 40. Nf2
Rd8 41. Rh1 Ndf8 42. Nd3 Kf7 43. c5 Kg7 44. Nde5 a5 45. bxa5 Nxc5 46. b4 Na6 47.
Rb1 Ne6 48. b5 cxb5 49. Rxb5 Nac5 50. Nd2 Ra8 51. Ndc4 Kf8 52. Nb6 Rd8 53. Nd5
Rc8 54. Nc4 Nxe4 55. Ndb6 Nc3 56. Rb3 Nd5+ 57. Nxd5 Rxc4 58. Rxb7 Rc5 59. Nf6
Re5+ 60. Kd2 Rxa5 61. Nxh7+ Ke8 62. Nf6+ Kf8 63. Nh7+ Ke8 1/2-1/2

[Event "11th Ugra Governor's Cup"]
[Site "Khanty-Mansiysk RUS"]
[Date "2015.12.01"]
[Round "9.6"]
[White "Timofeev, Artyom"]
[Black "Potapov, Pavel"]
[Result "1-0"]
[WhiteTitle "GM"]
[BlackTitle "IM"]
[WhiteElo "2555"]
[BlackElo "2476"]
[WhiteFideId "4140419"]
[BlackFideId "4169786"]
[EventDate "2015.11.23"]

1. e4 c5 2. Nf3 Nc6 3. d4 cxd4 4. Nxd4 e5 5. Nb5 d6 6. N1c3 a6 7. Na3 b5 8. Nd5
Nce7 9. Bg5 f6 10. Be3 Nxd5 11. Qxd5 Rb8 12. Qb3 Qc7 13. Nb1 Bd7 14. Nc3 Ne7 15.
O-O-O Bc6 16. a3 Nc8 17. Nd5 Bxd5 18. Rxd5 Nb6 19. Rd3 Qf7 20. Bxb6 Rxb6 21. Rd5
g6 22. a4 Bh6+ 23. Kb1 Ke7 24. axb5 Rhb8 25. Bc4 Qe8 26. Qh3 axb5 27. Bb3 Qf8
28. Rhd1 f5 29. exf5 gxf5 30. f4 Bxf4 31. Qxh7+ Kf6 32. g3 R8b7 33. Qh5 Be3 34.
Rf1 Qc8 35. Rd3 Bd4 36. Rdf3 1-0

[Event "11th Ugra Governor's Cup"]
[Site "Khanty-Mansiysk RUS"]
[Date "2015.12.01"]
[Round "9.7"]
[White "Khismatullin, Denis"]
[Black "Pridorozhni, Aleksei"]
[Result "1/2-1/2"]
[WhiteTitle "GM"]
[BlackTitle "GM"]
[WhiteElo "2654"]
[BlackElo "2563"]
[WhiteFideId "4142578"]
[BlackFideId "4127870"]
[EventDate "2015.11.23"]

1. Nf3 e6 2. g3 b6 3. Bg2 Bb7 4. d4 c5 5. O-O Nf6 6. c4 cxd4 7. Qxd4 Nc6 8. Qf4
Be7 9. Rd1 d6 10. Nc3 a6 11. Be3 Qc7 12. Rac1 Ne5 13. c5 Nxf3+ 14. Bxf3 bxc5 15.
Bxc5 Bxf3 16. Bxd6 Bxd6 17. Rxd6 O-O 18. exf3 Ne8 19. Ne4 Qa5 20. Rd7 Qxa2 21.
Qe5 f6 22. Qd4 Rb8 23. Qa7 Qxb2 24. Rc6 Qa1+ 25. Kg2 Rb1 26. Qxa6 Qxa6 27. Rxa6
Rb8 28. Raa7 Rb6 29. Re7 Rc6 30. h4 h6 31. f4 f5 32. Nd2 Rc8 33. Nf3 Rd8 34. Ne5
Kh7 35. Nd7 Rg8 36. Rxe6 Rc8 37. h5 Rc7 38. Rea6 Kh8 39. f3 Rc2+ 40. Kh3 Nc7 41.
Ra5 Rd8 42. Ne5 Rdd2 43. Ng6+ Kh7 44. Rxf5 Nd5 45. Ra3 Nf6 46. Rxf6 gxf6 47.
Ra7+ Kg8 48. Ne7+ Kh8 49. Nf5 Rc5 50. Kg4 Rdd5 51. Nxh6 Rxh5 52. Nf7+ Kg8 53.
Nd6 Rh7 54. Ra8+ Kg7 55. f5 Rh6 56. Kf4 Rc6 57. Rd8 Rh1 58. Rd7+ Kg8 59. Ne4 Kf8
60. Kg4 Rh2 61. Rd5 Ke7 62. Rb5 Rh1 63. Kf4 Rh2 64. Rb7+ Kf8 65. g4 Rh3 66. g5
Rh4+ 67. Kg3 fxg5 68. Nxg5 Rhh6 69. Kg4 Rb6 70. Rc7 Rbc6 71. Rf7+ Kg8 72. Re7
Kf8 73. Rf7+ Kg8 74. Re7 Kf8 1/2-1/2

[Event "11th Ugra Governor's Cup"]
[Site "Khanty-Mansiysk RUS"]
[Date "2015.12.01"]
[Round "9.8"]
[White "Aleksandrov, Aleksej"]
[Black "Korchmar, Vasiliy"]
[Result "1-0"]
[WhiteTitle "GM"]
[BlackTitle "IM"]
[WhiteElo "2615"]
[BlackElo "2405"]
[WhiteFideId "13500139"]
[BlackFideId "24131750"]
[EventDate "2015.11.23"]

1. d4 d5 2. c4 c6 3. Nf3 Nf6 4. e3 Bg4 5. h3 Bh5 6. Nc3 e6 7. g4 Bg6 8. Ne5 Nbd7
9. h4 dxc4 10. Nxg6 hxg6 11. g5 Nd5 12. Bxc4 Bb4 13. Qb3 Qb6 14. Bd2 O-O-O 15.
O-O-O Nxc3 16. bxc3 Be7 17. f4 Qc7 18. Be2 c5 19. Kb1 Nb6 20. Bf3 c4 21. Qb5 Kb8
22. Ka1 Nd5 23. Rb1 Rd6 24. h5 gxh5 25. Rxh5 Rc8 26. Qa4 Rb6 27. Rxb6 Nxb6 28.
Qb5 Qd6 29. Rh7 Bf8 30. Bh5 Nd5 31. Bxf7 Qa3 32. Qb2 Qa4 33. Bxe6 Ba3 34. Qb1
Nb4 35. cxb4 c3 36. Bxc3 Rxc3 37. Rh8+ 1-0

[Event "11th Ugra Governor's Cup"]
[Site "Khanty-Mansiysk RUS"]
[Date "2015.12.01"]
[Round "9.9"]
[White "Antipov, Mikhail Al."]
[Black "Matinian, Nikita"]
[Result "1/2-1/2"]
[WhiteTitle "GM"]
[BlackTitle "IM"]
[WhiteElo "2569"]
[BlackElo "2470"]
[WhiteFideId "4107012"]
[BlackFideId "24129100"]
[EventDate "2015.11.23"]

1. e4 c5 2. Nf3 e6 3. d4 cxd4 4. Nxd4 Nc6 5. Nc3 Qc7 6. g3 a6 7. Bg2 Nf6 8. O-O
h5 9. Nf3 d6 10. Bg5 Be7 11. Qe2 Ne5 12. Nd1 Bd7 13. Nxe5 dxe5 14. c4 h4 15. Ne3
O-O-O 16. Rfc1 hxg3 17. hxg3 Kb8 18. Rab1 Rh7 19. b4 Rdh8 20. b5 Bc5 21. bxa6 b6
22. Nd1 Bc6 23. Bxf6 gxf6 24. a4 Bxa4 25. Nb2 Bc6 26. Nd3 Qd6 27. Nxc5 Qxc5 28.
Rc3 Ka7 29. Rcb3 Rb8 30. Qd3 f5 31. exf5 Rbh8 32. Bxc6 Qxc6 33. Kf1 e4 34. Qd4
Rh1+ 35. Ke2 Rxb1 36. Rxb1 Rc8 37. fxe6 Qxe6 1/2-1/2

[Event "11th Ugra Governor's Cup"]
[Site "Khanty-Mansiysk RUS"]
[Date "2015.12.01"]
[Round "9.10"]
[White "Sarana, Alexey"]
[Black "Rozum, Ivan"]
[Result "1/2-1/2"]
[BlackTitle "GM"]
[WhiteElo "2426"]
[BlackElo "2559"]
[WhiteFideId "24133795"]
[BlackFideId "24104272"]
[EventDate "2015.11.23"]

1. d4 d6 2. Nf3 Nf6 3. c4 g6 4. Nc3 Bf5 5. g3 c6 6. Bg2 Ne4 7. Qb3 Nxc3 8. Qxb7
Na4 9. Qxa8 Qc7 10. Ne5 dxe5 11. Bxc6+ Qxc6 12. Qxb8+ Bc8 13. d5 Qb7 14. Qxe5 f6
15. Qe3 Qb4+ 16. Bd2 Qxc4 17. Rc1 Qa6 18. O-O Nb6 19. Qd4 Bg7 20. Rc7 Bd7 21.
Bb4 O-O 22. e4 Re8 23. Bc5 Bh3 24. Re1 Nd7 25. Rxa7 Qb5 26. b4 f5 27. a4 Bxd4
28. axb5 Nxc5 29. bxc5 Bxc5 30. Rc7 Bd6 31. Ra7 Bc5 32. Ra6 fxe4 33. Rc1 Bd6 34.
b6 Rb8 35. Rb1 Bc8 36. Ra4 Kf7 37. Kf1 Bc5 38. Rxe4 Rxb6 39. Rxb6 Bxb6 40. Rf4+
Kg7 41. Ke2 Bc7 42. Ra4 Bd6 43. Kd3 Kf6 44. Kd4 Kg5 45. f3 h5 46. Ra8 Bf5 47.
Rh8 Kf6 48. Rh7 Bb8 49. Kc4 Bd6 50. Kd4 Ba3 51. Rh8 Bb2+ 52. Kc4 Be5 53. Rh7 Bd7
54. Rh8 Kf7 55. Rd8 Bf5 56. Ra8 h4 57. f4 Bd6 58. Rh8 h3 59. Kd4 Kg7 60. Rh4 Bc8
61. Ke4 Bb7 62. Rxh3 e6 63. g4 exd5+ 64. Ke3 Bc8 65. f5 gxf5 66. gxf5 Bxf5 67.
Rh5 Kg6 68. Rh8 Be7 69. Ra8 Be6 70. Kd4 Bf6+ 71. Kc5 d4 72. Ra1 Bb3 73. Rg1+ Kf7
74. Rg3 Bc2 75. Kc4 Ke6 76. Rg2 Be4 77. Rd2 Bd5+ 78. Kd3 Ke5 79. Re2+ Kd6 80.
Rf2 Be5 81. h4 Bg8 82. Rf8 Bh7+ 83. Kc4 Ke7 84. Rf1 Ke6 85. Rd1 1/2-1/2